00838cam a2200241 4500001001300000003000400013005001700017008004100034010002300075040004000098043001200138050002200150051002600172082001800198100002700216245012800243260002300371300003800394490003500432650004300467700004700510830003900557gs 68000338 DLC20260227111423.0691016s1968 dcuab 00010 eng c ags 68000338 //r892 aU.S. Geological Survey LibrarydDLC an-us-ak0 aQE75b.C5 no. 559 aTN24.A4bR43cCopy 2. a553/.4/09798610aReed, Bruce L.,d1934-10aLead, zinc, and silver deposits at Bowser Creek,bMcGrath A-2 quadrangle, Alaska,cby Bruce L. Reed and Raymond L. Elliott.0 aWashington,c1968. aiii, 17 p.billus., maps.c26 cm.1 aGeological Survey circular 559 0aOre depositszAlaskazFarewell region.10aElliott, Raymond L.,d1935-ejoint author. 0aGeological Survey circular ;v559.